La Batalla de Clavijo y aparición en ella de nuestro patrón Santiago : undécimo centenario 23 mayo 844-23 mayo 1944 : trabajo precedido de un estudio sobre la Rioja árabe / Julián Cantera Orive undécimo centenario 23 mayo 844-23 mayo 1944 :
Descripción Física:
348 p, VIII, 132 fig. ; 21 cm
MARC
| LEADER | 00000nam a2200000Ia 4500 | ||
|---|---|---|---|
| 001 | 754 | ||
| 008 | 160829s1944 xx 000 0 cat d | ||
| 080 | |a H-1-159 | ||
| 100 | |a Cantera Orive, Julián |9 24218 | ||
| 245 | |a La Batalla de Clavijo y aparición en ella de nuestro patrón Santiago : |b undécimo centenario 23 mayo 844-23 mayo 1944 : |b trabajo precedido de un estudio sobre la Rioja árabe / Julián Cantera Orive | ||
| 260 | |a Vitoria : |b Ed. Social Católica, |c 1944 | ||
| 300 | |a 348 p, VIII, 132 fig. ; |c 21 cm | ||
| 650 | |a Rioja |x Història |9 24219 | ||
| 650 | |a Espanya |x Història |x 718/1492, Reconquesta |9 24220 | ||
| 901 | |a Arxiu | ||
| 942 | |n 1 | ||
| 952 | |0 0 |1 0 |4 0 |6 H1159 |7 1 |9 43027 |a Arxiu |b Arxiu |d 2016-12-01 |l 0 |o H-1-159 |p 754 |r 2016-12-01 00:00:00 |w 2016-12-01 |y ARXIU | ||
| 999 | |c 45570 |d 45570 | ||